• 首页
  • 本馆介绍
  • 公告通知
  • 最新文献
  • 馆藏检索
  • 电子资源
  • 读者导购
  • 参考咨询
  • 我的图书馆
  • 登录
  • 详细信息显示
  • 放入我的书架
  • 预约/预借图书
  • 作者相关作品
  • 分类相关作品
  • 丛书相关作品
  • 出版社相关作品

书目信息

  • 表格格式
  • 工作单格式
  • 卡片格式
题名:
穷理查智慧书
    
 
作者: 富兰克林 著 ;岳夏 译
分册:  
出版信息: 北京   北京理工大学出版社  2019
页数: 275页
开本: 21cm
丛书名:
单 册:
中图分类: B712.31-53
科图分类:
主题词:
电子资源:
ISBN: 978-7-5682-6527-0
000 01374nam0 2200277 450
001 012001000625
005 20131024092455.0
010    @a978-7-5682-6527-0@dCNY38.00
099    @aCAL 012019057044
100    @a20190327d2019 ekmy0chiy50 ea
101 1  @achi@aeng@ceng
102    @aCN@b110000
105    @ay z 000yy
106    @ar
200 1  @a穷理查智慧书@AQiong Li Cha Zhi Hui Shu@f(美) 本杰明·富兰克林著@d= Poor richard's almanack@fBenjamin Frankin@e中英对照@g岳夏译@zeng
210    @a北京@c北京理工大学出版社@d2019
215    @a275页@d21cm
330    @a这本《穷理查智慧书》是富兰克林从27岁到52岁 (1732年至1758年) , 写了26年的年历书。他自己把这本书称为“伟大的冒险”。富兰克林以穷智者的口吻描绘了关于生活、成功、财富、事业等主题的智慧箴言, 语言生动风趣, 充满智慧。本书便捷而实用地指导人们如何生活的方法, 教育人们把勤勉和节俭作为致富的手段。这本书包含了世界各国古往今来的智慧, 对美国人的人生价值观产生深远的影响, 被誉为美国文化的基石、美国精神的象征, 人生处世的典范。
333    @a文学爱好者
500 10 @aPoor richard's almanack@APoor Richard's Almanack@mChinese
600  1 @a富兰克林@AFu Lan Ke Lin@g(Franklin, Banjamin),@f1706-1790@j文集
690    @aB712.31-53@v5
701  1 @a富兰克林@AFu Lan Ke Lin@g(Franklin, Banjamin),@f1706-1790@4著
702  0 @a岳夏@AYue Xia@4译
801  0 @aCN@b江苏凤凰@c20191020
905    @b1220711-4@dB712.31-53@e51@f4
    
    穷理查智慧书/(美) 本杰明·富兰克林著= Poor richard's almanack/Benjamin Frankin:中英对照/岳夏译.-北京:北京理工大学出版社,2019
    275页;21cm
    使用对象:文学爱好者
    
    ISBN 978-7-5682-6527-0:CNY38.00
    这本《穷理查智慧书》是富兰克林从27岁到52岁 (1732年至1758年) , 写了26年的年历书。他自己把这本书称为“伟大的冒险”。富兰克林以穷智者的口吻描绘了关于生活、成功、财富、事业等主题的智慧箴言, 语言生动风趣, 充满智慧。本书便捷而实用地指导人们如何生活的方法, 教育人们把勤勉和节俭作为致富的手段。这本书包含了世界各国古往今来的智慧, 对美国人的人生价值观产生深远的影响, 被誉为美国文化的基石、美国精神的象征, 人生处世的典范。
●
相关链接 在E读中查询图书 在五车中查询图书 在当当中查询图书 在豆瓣中查询图书


正题名:穷理查智慧书     索取号:B712.31-53/51         预约/预借

序号 登录号 条形码 馆藏地/架位号 状态 备注
1 1220711   212207119   第一样本阅览室/ [索取号:B712.31-53/51] 在馆    
2 1220712   212207128   教育系资料室/ [索取号:B712.31-53/51] 在馆    
3 1220713   212207137   教育系资料室/ [索取号:B712.31-53/51] 在馆    
4 1220714   212207146   第一借阅区/ [索取号:B712.31-53/51] 在馆    
唐山师范学院图书馆 欢迎您!
大连网信软件有限公司© 版权所有